000 01368nam a2200349 c 4500
999 _c160228
_d160228
003 BLK
005 20240325085629.0
008 180410b bul|||||r ||||||| ||bul||
010 _aKNG00167434000
040 _aBLK
041 _aBUL
_cBUL
072 7 _2bullib
_aК
_xКраезнание
072 7 _2bullib
_aЯ
_xАвтографи
080 _aБългарска литература
_b821.163.2
_x-32
_z821.163.2-32
100 _aКоларов, Иван
_d1923 - 2009
_gПоет, сатирик, литературен критик, журналист. Преводач от сърбохърватски, руски, турски език. Обретеник
_qИванов, Иван Стоянов
_9491867
139 _aКоларов, Иван
_bК 77
245 1 0 _aСмях наш насъщен
_bДокум. разкази
_cИван Коларов.
257 _aBGR
260 _c1977
_fБяла : печ. на Районен пионерски дом
300 _a32 с.
_c20 см
380 _aX
659 _aК
659 _aЯ
852 _aЦб 115212
852 _aК 821.163.2/К 77 И
856 4 _qpdf
856 4 _qpdf
942 _cKNG
_n0
_s1
944 _aCR
_c19.11.2014
_lГеновева Генчева
_k30560
944 _aED
_c19.11.2014
_l19.11.2014 - от С1,Р / 19.11.2014
999 _d160228